00518nam a22001697a 450000500170000001000160001702000250003303700190005808200100007710000230008724500330011026000250014327001180016830000190028694200240030599900190032920250227153036.0 a20BACCHEN25 a9789360794019c90.00 bKeshav Books  a158.1 aMishra, S.K978790 aSelf- Help/cby S.K Mishra  aDelhibKeshav Books  aF-7 , Gali NO 1 , 3rd Floor , Panchsheeel Garden EXt . Naveeen Shahdra b Delhie110032mKeshavbooks30@gmail.com a24p.c24cm(pb) 2ddccCHh158.1mMIS c209656d209656